Súčasné chápanie, problémy a perspektívy podnikovej logistiky diplomová práca

Gespeichert in:
Bibliographische Detailangaben
1. Verfasser: Bujdák, Peter
Körperschaft: Fakulta podnikového manažmentu EU. Katedra manažmentu výroby a logistiky - zrušená
Weitere Verfasser: Stern, Juraj
Format: Buch
Sprache:Slowakisch
Veröffentlicht: Bratislava 2009
Tags: Tag hinzufügen
Keine Tags, Fügen Sie das erste Tag hinzu!

MARC

LEADER 00000nam$a2200000$$$4500
001 0102306
005 20240320075434.0
041 0 |a slo 
044 |a SK 
245 1 0 |a Súčasné chápanie, problémy a perspektívy podnikovej logistiky  |b diplomová práca  |c Peter Bujdák ; škol. Juraj Stern 
264 1 |a Bratislava  |c 2009 
300 |a 71 s. 
100 1 |a Bujdák, Peter 
700 1 |a Stern, Juraj 
710 2 |a Fakulta podnikového manažmentu EU. Katedra manažmentu výroby a logistiky - zrušená